Welcome to the Holygrace Academy Library

Please use search bar below to get started

THE HARDY BOYS - MURDER HOUSE (Record no. 7830)

MARC details
000 -LEADER
fixed length control field 00626nam a22001457a 4500
020 ## - INTERNATIONAL STANDARD BOOK NUMBER
ISBN 978-1-4169-6409-4
082 ## - DEWEY DECIMAL CLASSIFICATION NUMBER
Classification number 823
Item number DIX/H
100 ## - MAIN ENTRY--AUTHOR NAME
Personal name DIXON, FRANKLIN W
245 ## - TITLE STATEMENT
Title THE HARDY BOYS - MURDER HOUSE
260 ## - PUBLICATION, DISTRIBUTION, ETC. (IMPRINT)
Place of publication NEW YORK
Name of publisher ALADDIN PAPERBACKS
Year of publication 2008
300 ## - PHYSICAL DESCRIPTION
Number of Pages 167
520 ## - SUMMARY, ETC.
Summary, etc Twelve teens are chosen, but things start to go wrong when one of the twelve contestants, the famous Ripley Lansing, receives a death threat. Her parents request the highest level of security for Ms. Lansing, and the police ask for the assistance of American Teens Against Crime (ATAC).
650 ## - SUBJECT ADDED ENTRY--TOPICAL TERM
Topical Term MYSTERY
Geographic subdivision UNITED STATES
942 ## - ADDED ENTRY ELEMENTS (KOHA)
Koha item type Books
Holdings
Withdrawn status Lost status Collection code Home library Current library Shelving location Date acquired Source of acquisition Cost, normal purchase price Full call number Accession Number Koha item type
    Fiction Main Library Main Library NEW SHELF WITH NEW ENTRY 20/11/2023 purchase 250.00 823 DIX/H 13412 Books